000
00334nam a22001577a 4500
003
SGT
082
_a
611
_b
M16S
100
_a
SADLER, T.W
245
_a
MEDICAL EMBRYOLOGY
250
_a
12TH
260
_a
DELHI
_b
WOLTERS KLUWER
_c
2016
300
_a
384
650
_a
EMBRYOLOGY
653
_a
ANATOMY ,EMBRYOLOGY
942
_2
ddc
_c
BK
_0
13
999
_c
8276
_d
8276